Panama Province/Territory Capitals - Statistics

General Stats
  • This quiz has been taken 58 times
  • The average score is 10 of 14
Answer Stats
Hint Answer % Correct
Panamá Panama City
100%
Bocas del Toro Bocas del Toro
93%
Colón Colón
93%
Chiriquí David
93%
Panamá Oeste La Chorrera
87%
Darién La Palma
73%
Coclé Penonomé
73%
Veraguas Santiago de Veraguas
73%
Los Santos Las Tablas
67%
Herrera Chitré
60%
Emberá-Wounaan Unión Chocó
53%
Ngäbe-Buglé Llano Tugrí
40%
Guna Yala Gaigirgordub
33%
Naso Tjër Di Sieyic
33%
No matching quizzes found
Score Distribution
Percent of People with Each Score
Percentile by Number Answered
Your Score History
You have not taken this quiz